000 00728aas a2200217 4500
999 _c1913
_d1913
003 BR-BrBNA
005 20230317233340.0
007 ta
008 230119b bl ||||| |||| 00| 0 por d
035 _a000485-5
040 _aBR-BrBNA
_bPor
_cBR-BrBNA
042 _aN
044 _abl
245 _aArticulação Pesquisa e Extensão - Empresa Brasileira de Assistência Técnica e Extensão Rural (Brazil)
260 _aBrasília-DF
_bEmpresa Brasileira de Assistência Técnica e Extensão Rural
_c1983. Data final de publicação em 1987
_eBDF
270 _aAv. W3 Norte Q-515 - BL-C - Lote 3 - 70770-000 - Brasília - DF
310 _airregular
505 _a1983 (1-3); 1987 (7);
909 _a56
_bSergio Santos
_c56
_dSergio Santos
942 _cCR
_2AGRIS